Information technology : (Record no. 654)

MARC details
000 -LEADER
fixed length control field 00802nam a2200265 a 4500
003 - CONTROL NUMBER IDENTIFIER
control field data
005 - DATE AND TIME OF LATEST TRANSACTION
control field 20260322212029.0
008 - FIXED-LENGTH DATA ELEMENTS--GENERAL INFORMATION
fixed length control field data
020 ## - INTERNATIONAL STANDARD BOOK NUMBER
International Standard Book Number 0760049173
020 ## - INTERNATIONAL STANDARD BOOK NUMBER
International Standard Book Number 9780760049174
040 ## - CATALOGING SOURCE
Original cataloging agency MNP
Transcribing agency MNP
050 00 - LIBRARY OF CONGRESS CALL NUMBER
Classification number T58.5
Item number .L383 1997
092 ## - LOCALLY ASSIGNED DEWEY CALL NUMBER (OCLC)
Classification number 004.2 L383 1997
001 - CONTROL NUMBER
control field data
100 1# - MAIN ENTRY--PERSONAL NAME
Personal name Laudon, Kenneth C.,
Dates associated with a name 1944-
245 10 - TITLE STATEMENT
Title Information technology :
Remainder of title concepts and issues /
Statement of responsibility, etc. Kenneth C. Laudon, Carol Guercio Traver & Jane Price Laudon.
250 ## - EDITION STATEMENT
Edition statement 2nd ed.
260 ## - PUBLICATION, DISTRIBUTION, ETC.
Place of publication, distribution, etc. Cambridge MA :
Name of publisher, distributor, etc. Course Technology,
Date of publication, distribution, etc. c1997.
300 ## - PHYSICAL DESCRIPTION
Extent xvii, 312 p. :
Other physical details ill. (some col.) ;
Dimensions 28 cm.
500 ## - GENERAL NOTE
General note Title from cover.
504 ## - BIBLIOGRAPHY, ETC. NOTE
Bibliography, etc. note Includes bibliographical references and index.
650 #0 - SUBJECT ADDED ENTRY--TOPICAL TERM
Topical term or geographic name entry element Information technology.
700 1# - ADDED ENTRY--PERSONAL NAME
Personal name Traver, Carol Guercio.
700 1# - ADDED ENTRY--PERSONAL NAME
Personal name Laudon, Jane Price.
Holdings
Withdrawn status Lost status Damaged status Not for loan Home library Current library Shelving location Date acquired Total checkouts Full call number Barcode Date last seen Price effective from Koha item type
        Franklin Franklin General stacks 22/03/2026   T58.5 .L383 1997 BC0010671 22/03/2026 22/03/2026 Books